Roman Polanski Filmography - Statistics

General Stats
  • This quiz has been taken 16 times
  • The average score is 36 of 145
Answer Stats
Type Year Name % Correct
Film Cameo | Film Director | Film Screenplay 1974 Chinatown
100%
Film Director | Film Screenplay 1968 Rosemary's Baby
100%
Film Director | Film Production 2002 The Pianist
93%
Film Cameo | Film Director 1962 Knife in the Water
67%
Film Cameo | Film Director | Film Screenplay 1965 Repulsion
67%
Film Director | Film Screenplay 2011 Carnage
60%
Film Director | Film Screenplay 1979 Tess
60%
Film Acting Role | Film Director | Film Screenplay | Film Story 1967 The Fearless Vampire Killers
60%
Film Director | Film Production | Film Screenplay 2010 The Ghost Writer
60%
Film Director | Film Production | Film Screenplay 1999 The Ninth Gate
60%
Film Acting Role | Film Director | Film Screenplay 1976 The Tenant
60%
Film Director | Film Screenplay 1971 Macbeth
53%
Film Director | Film Production 2005 Oliver Twist
53%
Film Director | Film Screenplay 1966 Cul-de-sac
47%
Film Cameo | Film Director | Film Screenplay 1988 Frantic
47%
Film Cameo | Film Director | Film Screenplay 2019 An Officer and a Spy
40%
Film Director | Film Production | Film Screenplay 1992 Bitter Moon
40%
Film Director 1994 Death and the Maiden
40%
Film Cameo | Film Director | Film Screenplay 1972 What?
40%
Film Director | Film Screenplay 1986 Pirates
33%
Film Director | Film Screenplay 2023 The Palace
33%
Film Director | Film Screenplay 2013 Venus in Fur
33%
Short Film Director | Short Film Screenplay 2012 A Therapy
27%
Short Film Cameo | Short Film Director | Short Film Screenplay 1988 The Lamp
27%
Film Director | Film Screenplay 2017 Based on a True Story
20%
Film Cameo 2007 Rush Hour 3
20%
Short Film Cameo | Short Film Director 1958 Two Men and a Wardrobe
20%
Film Production | Film Screenplay 1970 A Day at the Beach
13%
Film Acting Role 1994 A Pure Formality
13%
Film Screenplay 1964 A Taste for Women
13%
Short Film Cameo | Short Film Director | Short Film Production 1961 Le gros et le maigre
13%
Short Film Director 1962 Mammals
13%
Documentary Appearance 2011 Roman Polanski: A Film Memoir
13%
Film Screenplay 1971 The Boat on the Grass
13%
Short Film Cameo | Short Film Director 1959 When Angels Fall
13%
Film Acting Role 1955 A Generation
7%
Film Acting Role 1992 Back in the U.S.S.R.
7%
Film Cameo 1960 Bad Luck
7%
Film Cameo 1974 Blood for Dracula
7%
Short Film Director | Short Film Screenplay 1957 Break Up the Dance
7%
Film Cameo 1982 Chassé-croisé
7%
Film Cameo 1994 Dead Tired
7%
TV Film Acting Role 1989 En attendant Godot
7%
Commercial Director 2009 Francesco Vezzoli - Greed
7%
Film Acting Role 1960 Innocent Sorcerers
7%
Film Cameo 1959 Lotna
7%
Short Film Director | Short Film Screenplay 1957 Murder
7%
Film Acting Role 2008 Quiet Chaos
7%
Short Film Cameo | Short Film Director | Short Film Screenplay 1955 Rower
7%
Film Cameo 1961 Samson
7%
Film Cameo 1969 The Magic Christian
7%
Film Acting Role 2002 The Revenge
7%
Stage Acting Role | Stage Director Early 1980s Amadeus
0%
Documentary Series Appearance 1995, 1999 Biography
0%
Film Production 1999 Castelnuovo
0%
Short Film Director | Short Film Production 2007 Cinéma Erotique
0%
TV Documentary Appearance 1984 Clive James Meets Roman Polanski
0%
Short Film Acting Role 1958 Con bravura
0%
Film Cameo 1958 Co rekne zena?
0%
Documentary Series Appearance 1998 E! True Hollywood Story
0%
Short Film Production 1966 G.G. Passion
0%
Music Video Director 1996 Gli Angeli
0%
Short Film Acting Role 1955 Godzina bez slonca
0%
Film Acting Role 1960 Goodbye, See You Tomorrow
0%
Short Documentary Director 2014 Henri Langlois vu par...
0%
Short Film Cameo 2000 Hommage à Alfred Lepetit
0%
Documentary Series Appearance 1999 Intimate Portrait
0%
Film Cameo 1957 Kanal
0%
Film Cameo 1957 Koniec nocy
0%
Film Screenplay 1968 La fille d'en face
0%
TV Show Writer 1965 Love Story
0%
Short Documentary Appearance 1968 Mia and Roman
0%
Film Cameo 1956 Nikodem Dyzma
0%
Film Cameo 1961 Ostroznie, Yeti!
0%
TV Show Appearance 1969 Playboy After Dark
0%
Documentary Appearance 2021 Polanski, Horowitz. Hometown
0%
TV Documentary Appearance 2019 Polanski, le travail à l'oeuvre
0%
Documentary Appearance 1972 Polanski Meets Macbeth
0%
TV Documentary Appearance 2006 Polanski par Polanski
0%
Short TV Documentary Appearance 1966 Roman Polanski - Versuch eines Fernseh-Porträts
0%
Stage Director 1997-2000 Tanz der Vampire
0%
Short Film Director | Short Film Screenplay 1957 Teeth Smile
0%
Documentary Director 1991 The King of Ads
0%
Documentary Series Appearance 1980 The South Bank Show
0%
TV Show Appearance 1969 The Tonight Show Starring Johnny Carson
0%
Short Film Production 2016 The Understudy
0%
Film Director | Film Screenplay 1964 The World's Most Beautiful Swindlers
0%
Film Acting Role 1953 Trzy opowiesci
0%
Film Cameo 1955 Trzy starty
0%
Short Documentary Appearance 2006 Twist by Polanski
0%
Documentary Appearance | Documentary Director | Documentary Production 1972 | 2013 Weekend of a Champion
0%
Film Acting Role 1957 Wraki
0%
Film Acting Role 1955 Zaczarowany rower
0%
No matching quizzes found
Score Distribution
Percent of People with Each Score
Percentile by Number Answered
Your Score History
You have not taken this quiz